Les 10 villes de Suisse les plus peuplées commençant par O - Statistiques

Statistiques générales
  • Ce quiz a été pris 4 fois
  • Le résultat moyen est 3 sur 10
Statistiques - réponses
# Ville Population % Correct
3 Olten 18.715
75%
5 Oftringen 15.080
50%
10 Ollon 8.159
50%
2 Onex 18.886
50%
6 Oberwil 11.498
25%
1 Opfikon 21.553
25%
4 Ostermundigen 18.195
25%
8 Oberentfelden 8.907
0%
7 Oberriet 9.291
0%
9 Obersiggenthal 8.881
0%
Aucun quiz correspondant
Distribution des résultats
% des personnes avec chaque résultat
Percentile par nombre de réponses
Votre historique - résultats
Vous n’avez pas pris ce quiz